banner-ar

المحكم والمحيط الاعظم / (Record no. 44198)

MARC details
000 -الفاتح
حقل البيانات ثابتة الطول 00818nam a2200241Ia 4500
008 - عناصر البيانات ثابتة الطول - معلومات عامة
حقل البيانات ثابتة الطول 140319s9999 xx 000 0 ara d
040 ## - مصدر الفهرسة
وكالة الفهرسة الأصلية GCL /
وكالة النسخ GCL
082 04 - رقم تصنيف ديوى العشرى
رقم التصنيف 413.105
رقم المادة س م
100 1# - المدخل الرئيسى - إسم شخصى
الإسم الشخصى حسين نصار
245 10 - بيان العنوان
العنوان المحكم والمحيط الاعظم /
بيان المسئوليه,etc حسين نصار
700 1# - المدخل الاضافى - اسم شخصى
الإسم الشخصى مصطفى السقا
700 1# - المدخل الاضافى - اسم شخصى
الإسم الشخصى ابن سيده : ابوالحسن على بن اسماعيل الاندلسى
250 ## - بيان الطبعة
بيان الطبعة الاولى
260 ## - PUBLICATION, DISTRIBUTION, ETC. (IMPRINT)
تاريخ النشر أو التوزيع 1958
300 ## - الوصف المادى
التعداد متعدد ؛
أبعاد الوعاء 26 سم
490 ## - بيان السلسلة
عنوان السلسلة 100 قصة
رقم المجلد/ التعيين التسلسلي 0
650 04 - المدخل الاضافى بالموضوع-مصطلح موضوعى
مصطلح موضوعي اللغة العربية
650 04 - المدخل الاضافى بالموضوع-مصطلح موضوعى
مصطلح موضوعي القواميس
650 04 - المدخل الاضافى بالموضوع-مصطلح موضوعى
مصطلح موضوعي المعاجم العربية
650 04 - المدخل الاضافى بالموضوع-مصطلح موضوعى
مصطلح موضوعي ذو الرمة
942 ## - عناصر المدخل الإضافي( كوها)
مصدر التصنيف او مخطط الترفيف Dewey Decimal Classification
Koha [default] item type كتاب
260 ## - PUBLICATION, DISTRIBUTION, ETC. (IMPRINT)
-- القاهرة :
-- معهد المخطوطات لجامعة الدول العربية ،
Holdings
حالة التراجع حالة الفقد حالة تلف ليس للاعارة المكان المؤقت الموقع الحالى تاريخ الاكتساب اجمالي اﻻعارات رقم الطلب الباركود تاريخ اخر مشاهدة تاريخ تفعيل السعر نوع وعاء كوها
        مكتبة القاهرة الكبرى مكتبة القاهرة الكبرى 03/26/2014   413.105\س م 107368 03/26/2014 03/26/2014 كتاب
        مكتبة القاهرة الكبرى مكتبة القاهرة الكبرى 03/26/2014   413.105\س م 107369 03/26/2014 03/26/2014 كتاب
        مكتبة القاهرة الكبرى مكتبة القاهرة الكبرى 03/26/2014   413.105\س م 107370 03/26/2014 03/26/2014 كتاب
        مكتبة القاهرة الكبرى مكتبة القاهرة الكبرى 03/26/2014   413.105\س م 107371 03/26/2014 03/26/2014 كتاب
        مكتبة القاهرة الكبرى مكتبة القاهرة الكبرى 03/26/2014   413.105\س م 107372 03/26/2014 03/26/2014 كتاب
        مكتبة القاهرة الكبرى مكتبة القاهرة الكبرى 03/26/2014   413.105\س م 107373 03/26/2014 03/26/2014 كتاب
        مكتبة القاهرة الكبرى مكتبة القاهرة الكبرى 03/26/2014   413.105\س م 107374 03/26/2014 03/26/2014 كتاب
        مكتبة القاهرة الكبرى مكتبة القاهرة الكبرى 03/26/2014   413.105\س م 107375 03/26/2014 03/26/2014 كتاب

Powered By

EGPV